00311nam a2200109 a 4500008004100000050001500041245003700056260007300093300001500166350000900181650001100190071009s1999 ||||||||||||||||| || u aHC 915 Zam00aZambia at 33cRepublic of Zambia aNew DelhibHigh Commission of the Republic of Zambia,New Delhic1999 a118p.:ill. a0.00 aZAMBIA